[Event "DVM U16 2020"]
[Site "Willingen GER"]
[Date "2021.06.26"]
[Round "5"]
[White "Sell, Eero"]
[Black "Sinnhöfer, Joshua"]
[Result "1/2-1/2"]
[Termination "normal"]
[Board "4.3"]
[WhiteElo "1766"]
[BlackElo "1712"]
[WhiteClock "00:24:31"]
[BlackClock "00:57:51"]
[WhiteTeam "SchVgg Blankenese von 1923 e.V."]
[BlackTeam "Delmenhorster SK"]
[PlyCount "120"]
[WhiteFideId "34606041"]
[BlackFideId "16201361"]
[EventCountry "GER"]
[EventRounds "7"]
[EventType "team-swiss"]
[EventDate "2021.06.23"]

1. e4 {[%clk 1:30:58]} d5 {[%clk 1:30:50]} 2. exd5 {[%clk 1:31:11]} Qxd5 {[%clk
1:31:13]} 3. Nc3 {[%clk 1:29:58]} Qa5 {[%clk 1:31:24]} 4. d4 {[%clk 1:27:22]}
Nf6 {[%clk 1:31:38]} 5. Bc4 {[%clk 1:26:55]} Nc6 {[%clk 1:30:58]} 6. Bb3 {[%clk
1:20:31]} Bg4 {[%clk 1:24:00]} 7. f3 {[%clk 1:15:52]} Bh5 {[%clk 1:23:26]} 8.
Nge2 {[%clk 1:12:27]} O-O-O {[%clk 1:22:24]} 9. O-O {[%clk 1:11:03]} e5 {[%clk
1:21:46]} 10. d5 {[%clk 1:05:26]} Nb4 {[%clk 1:19:55]} 11. Ng3 {[%clk 0:58:47]}
Bg6 {[%clk 1:17:28]} 12. Bg5 {[%clk 0:55:49]} c6 {[%clk 1:13:36]} 13. Nge4
{[%clk 0:48:48]} cxd5 {[%clk 1:12:05]} 14. Bxf6 {[%clk 0:45:19]} gxf6 {[%clk
1:11:13]} 15. Nf2 {[%clk 0:38:09]} d4 {[%clk 1:08:28]} 16. Nce4 {[%clk
0:37:52]} Be7 {[%clk 1:08:46]} 17. Qe2 {[%clk 0:34:26]} Nd5 {[%clk 1:06:06]}
18. Nd3 {[%clk 0:31:06]} Ne3 {[%clk 1:05:05]} 19. Rfc1 {[%clk 0:29:00]} f5
{[%clk 1:02:12]} 20. Nd2 {[%clk 0:27:41]} Kb8 {[%clk 0:58:59]} 21. c3 {[%clk
0:21:40]} f4 {[%clk 0:55:44]} 22. Nc4 {[%clk 0:20:35]} Nxc4 {[%clk 0:53:39]}
23. Bxc4 {[%clk 0:20:52]} f6 {[%clk 0:51:46]} 24. Nxf4 {[%clk 0:20:35]} Bc5
{[%clk 0:48:00]} 25. Nd3 {[%clk 0:18:36]} Bxd3 {[%clk 0:48:05]} 26. Bxd3 {[%clk
0:18:38]} dxc3+ {[%clk 0:48:18]} 27. Kh1 {[%clk 0:17:43]} cxb2 {[%clk 0:47:16]}
28. Qxb2 {[%clk 0:17:16]} Rxd3 {[%clk 0:47:31]} 29. Qc2 {[%clk 0:15:48]} Rhd8
{[%clk 0:47:00]} 30. h3 {[%clk 0:15:39]} Be3 {[%clk 0:47:08]} 31. Re1 {[%clk
0:14:49]} Bf4 {[%clk 0:47:07]} 32. Rab1 {[%clk 0:14:33]} h5 {[%clk 0:45:17]}
33. g3 {[%clk 0:13:20]} Bxg3 {[%clk 0:44:14]} 34. Rec1 {[%clk 0:13:24]} e4
{[%clk 0:42:48]} 35. Rxb7+ {[%clk 0:09:34]} Ka8 {[%clk 0:32:53]} 36. Rg7 {[%clk
0:08:15]} Qd5 {[%clk 0:27:27]} 37. Rxg3 {[%clk 0:06:23]} Rd1+ {[%clk 0:26:56]}
38. Rxd1 {[%clk 0:04:35]} Qxd1+ {[%clk 0:26:56]} 39. Qxd1 {[%clk 0:05:02]}
Rxd1+ {[%clk 0:27:19]} 40. Rg1 {[%clk 0:04:08]} Rd3 {[%clk 0:27:12]} 41. Rg8+
{[%clk 0:03:10]} Kb7 {[%clk 0:27:22]} 42. fxe4 {[%clk 0:03:19]} Rxh3+ {[%clk
0:27:32]} 43. Kg1 {[%clk 0:02:40]} Ra3 {[%clk 0:26:43]} 44. Rg7+ {[%clk
0:02:30]} Kc6 {[%clk 0:26:47]} 45. Rf7 {[%clk 0:02:05]} Kd6 {[%clk 0:27:04]}
46. Rxf6+ {[%clk 0:00:58]} Ke5 {[%clk 0:27:26]} 47. Rf5+ {[%clk 0:01:21]} Kxe4
{[%clk 0:27:51]} 48. Rxh5 {[%clk 0:01:47]} Rxa2 {[%clk 0:28:12]} 49. Rh3 {[%clk
0:01:24]} a5 {[%clk 0:28:22]} 50. Kf1 {[%clk 0:01:05]} Kd4 {[%clk 0:27:07]} 51.
Ke1 {[%clk 0:01:10]} Kc4 {[%clk 0:27:17]} 52. Kd1 {[%clk 0:01:11]} Rb2 {[%clk
0:27:21]} 53. Kc1 {[%clk 0:29:17]} Rb5 {[%clk 0:57:21]} 54. Rh4+ {[%clk
0:28:15]} Kb3 {[%clk 0:56:53]} 55. Kb1 {[%clk 0:27:34]} Ka3+ {[%clk 0:57:08]}
56. Ka1 {[%clk 0:27:38]} a4 {[%clk 0:57:33]} 57. Rh1 {[%clk 0:25:08]} Rb2
{[%clk 0:57:51]} 58. Rg1 {[%clk 0:24:31]} Rb4 59. Rg3+ Rb3 60. Rxb3+ axb3
1/2-1/2

[Event "DVM U16 2020"]
[Site "Willingen GER"]
[Date "2021.06.26"]
[Round "5"]
[White "Alhamid, Mohamad"]
[Black "Tao, Alexander"]
[Result "1-0"]
[Termination "normal"]
[Board "4.4"]
[WhiteElo "1664"]
[BlackElo "1631"]
[WhiteClock "00:20:44"]
[BlackClock "00:19:44"]
[WhiteTeam "Delmenhorster SK"]
[BlackTeam "SchVgg Blankenese von 1923 e.V."]
[PlyCount "85"]
[WhiteFideId "16235665"]
[BlackFideId "34606033"]
[EventCountry "GER"]
[EventRounds "7"]
[EventType "team-swiss"]
[EventDate "2021.06.23"]

1. e4 {[%clk 1:30:57]} e5 {[%clk 1:30:52]} 2. Bc4 {[%clk 1:31:24]} Nc6 {[%clk
1:31:11]} 3. Nf3 {[%clk 1:31:44]} Bc5 {[%clk 1:31:34]} 4. c3 {[%clk 1:32:11]}
Nf6 {[%clk 1:31:50]} 5. d4 {[%clk 1:32:40]} exd4 {[%clk 1:32:11]} 6. O-O {[%clk
1:33:08]} Nxe4 {[%clk 1:32:11]} 7. cxd4 {[%clk 1:33:25]} d5 {[%clk 1:32:25]} 8.
dxc5 {[%clk 1:33:35]} dxc4 {[%clk 1:32:44]} 9. Qe2 {[%clk 1:33:56]} Qd3 {[%clk
1:33:06]} 10. Re1 {[%clk 1:34:14]} Qxe2 {[%clk 1:20:52]} 11. Rxe2 {[%clk
1:34:37]} f5 {[%clk 1:20:28]} 12. Nc3 {[%clk 1:33:50]} O-O {[%clk 1:16:08]} 13.
Nxe4 {[%clk 1:33:19]} fxe4 {[%clk 1:16:18]} 14. Rxe4 {[%clk 1:33:26]} c3 {[%clk
1:15:39]} 15. bxc3 {[%clk 1:31:29]} Bd7 {[%clk 1:06:06]} 16. Bf4 {[%clk
1:22:02]} Rac8 {[%clk 1:04:35]} 17. Bg3 {[%clk 1:20:15]} Rf5 {[%clk 1:01:24]}
18. Ne5 {[%clk 1:16:11]} Nxe5 {[%clk 1:00:56]} 19. Bxe5 {[%clk 1:16:11]} Bc6
{[%clk 0:53:17]} 20. Re3 {[%clk 1:16:07]} Rf7 {[%clk 0:50:40]} 21. a4 {[%clk
1:12:36]} Re8 {[%clk 0:49:12]} 22. a5 {[%clk 1:12:11]} a6 {[%clk 0:49:31]} 23.
Rd1 {[%clk 1:09:34]} Ree7 {[%clk 0:44:31]} 24. f4 {[%clk 1:05:58]} Rd7 {[%clk
0:43:46]} 25. Red3 {[%clk 1:05:00]} g6 {[%clk 0:41:07]} 26. Kf2 {[%clk
0:59:42]} Rxd3 {[%clk 0:41:21]} 27. Rxd3 {[%clk 1:00:04]} Rd7 {[%clk 0:41:47]}
28. Bd4 {[%clk 0:53:13]} Re7 {[%clk 0:41:09]} 29. g4 {[%clk 0:50:11]} Kf7
{[%clk 0:39:00]} 30. Rh3 {[%clk 0:45:24]} Kg8 {[%clk 0:38:57]} 31. f5 {[%clk
0:43:19]} Re4 {[%clk 0:27:12]} 32. fxg6 {[%clk 0:40:49]} hxg6 {[%clk 0:27:02]}
33. Rh8+ {[%clk 0:41:02]} Kf7 {[%clk 0:27:25]} 34. Rh7+ {[%clk 0:39:03]} Kf8
{[%clk 0:27:09]} 35. h3 {[%clk 0:38:19]} Re7 {[%clk 0:26:16]} 36. Rh8+ {[%clk
0:37:26]} Kf7 {[%clk 0:26:39]} 37. Kg3 {[%clk 0:37:02]} Ke6 {[%clk 0:26:23]}
38. h4 {[%clk 0:31:32]} Kd5 {[%clk 0:25:49]} 39. h5 {[%clk 0:21:30]} gxh5
{[%clk 0:25:43]} 40. Rxh5+ {[%clk 0:21:12]} Kc4 {[%clk 0:26:03]} 41. g5 {[%clk
0:21:03]} Kd5 {[%clk 0:19:19]} 42. g6+ {[%clk 0:20:33]} Ke6 {[%clk 0:19:44]}
43. g7 {[%clk 0:20:44]} 1-0

[Event "DVM U16 2020"]
[Site "Willingen GER"]
[Date "2021.06.26"]
[Round "5"]
[White "Fromm, Marius"]
[Black "Bethke, Richard"]
[Result "1/2-1/2"]
[Termination "normal"]
[Board "5.1"]
[BlackTitle "FM"]
[WhiteElo "2297"]
[BlackElo "2332"]
[WhiteClock "00:33:20"]
[BlackClock "00:25:47"]
[WhiteTeam "Greifswalder SV"]
[BlackTeam "SF Neuberg"]
[PlyCount "82"]
[WhiteFideId "12993190"]
[BlackFideId "12959243"]
[EventCountry "GER"]
[EventRounds "7"]
[EventType "team-swiss"]
[EventDate "2021.06.23"]

1. e4 {[%clk 1:30:57]} c5 {[%clk 1:30:55]} 2. Nf3 {[%clk 1:31:23]} d6 {[%clk
1:31:22]} 3. Bb5+ {[%clk 1:31:49]} Bd7 {[%clk 1:31:46]} 4. Bxd7+ {[%clk
1:32:14]} Qxd7 {[%clk 1:32:12]} 5. c4 {[%clk 1:32:39]} Nf6 {[%clk 1:32:33]} 6.
Nc3 {[%clk 1:33:06]} Nc6 {[%clk 1:32:46]} 7. d4 {[%clk 1:33:25]} cxd4 {[%clk
1:33:12]} 8. Nxd4 {[%clk 1:33:50]} g6 {[%clk 1:33:38]} 9. f3 {[%clk 1:34:17]}
Bg7 {[%clk 1:34:04]} 10. Be3 {[%clk 1:34:44]} O-O {[%clk 1:34:23]} 11. O-O
{[%clk 1:35:09]} Rfc8 {[%clk 1:34:49]} 12. b3 {[%clk 1:35:33]} Qd8 {[%clk
1:35:10]} 13. Qd2 {[%clk 1:35:56]} Qa5 {[%clk 1:26:19]} 14. Rfd1 {[%clk
1:36:14]} Nd7 {[%clk 1:25:32]} 15. Nde2 {[%clk 1:36:34]} Rab8 {[%clk 1:22:30]}
16. Rab1 {[%clk 1:36:09]} Kf8 {[%clk 1:14:32]} 17. h3 {[%clk 1:32:56]} a6
{[%clk 1:11:05]} 18. a4 {[%clk 1:33:16]} Nc5 {[%clk 1:07:28]} 19. Kh1 {[%clk
1:31:23]} b6 {[%clk 0:59:53]} 20. Nd4 {[%clk 1:18:03]} Nxd4 {[%clk 0:32:55]}
21. Bxd4 {[%clk 1:17:25]} Ne6 {[%clk 0:30:29]} 22. Bxg7+ {[%clk 1:11:42]} Kxg7
{[%clk 0:30:50]} 23. Rbc1 {[%clk 1:07:19]} Qg5 {[%clk 0:26:00]} 24. Qb2 {[%clk
1:04:37]} Qf6 {[%clk 0:22:53]} 25. Qd2 {[%clk 0:56:01]} Nf4 {[%clk 0:18:10]}
26. Nd5 {[%clk 0:53:58]} Nxd5 {[%clk 0:18:32]} 27. cxd5 {[%clk 0:54:17]} b5
{[%clk 0:16:28]} 28. a5 {[%clk 0:51:33]} Rc5 {[%clk 0:09:53]} 29. Rxc5 {[%clk
0:51:38]} dxc5 {[%clk 0:10:17]} 30. Qe3 {[%clk 0:51:37]} Qb2 {[%clk 0:07:34]}
31. Rc1 {[%clk 0:42:09]} Rc8 {[%clk 0:02:06]} 32. Rxc5 {[%clk 0:35:52]} Rxc5
{[%clk 0:02:33]} 33. Qxc5 {[%clk 0:36:20]} Qa1+ {[%clk 0:02:11]} 34. Qg1 {[%clk
0:33:44]} Qxa5 {[%clk 0:02:38]} 35. Qd4+ {[%clk 0:33:56]} f6 {[%clk 0:02:58]}
36. f4 {[%clk 0:34:14]} Qe1+ {[%clk 0:02:07]} 37. Kh2 {[%clk 0:34:39]} h5
{[%clk 0:01:16]} 38. e5 {[%clk 0:32:55]} h4 {[%clk 0:01:29]} 39. d6 {[%clk
0:32:43]} Qg3+ {[%clk 0:01:06]} 40. Kh1 {[%clk 0:32:53]} Qe1+ {[%clk 0:01:33]}
41. Kh2 {[%clk 0:33:20]} Qg3+ {[%clk 0:25:47]} 1/2-1/2

[Event "DVM U16 2020"]
[Site "Willingen GER"]
[Date "2021.06.26"]
[Round "5"]
[White "Kallweit, Paul"]
[Black "Kolzenburg, Jan Niklas"]
[Result "1-0"]
[Termination "normal"]
[Board "5.3"]
[WhiteElo "1832"]
[BlackElo "1671"]
[WhiteClock "00:22:21"]
[BlackClock "00:01:40"]
[WhiteTeam "Greifswalder SV"]
[BlackTeam "SF Neuberg"]
[PlyCount "97"]
[WhiteFideId "16228081"]
[BlackFideId "16274830"]
[EventCountry "GER"]
[EventRounds "7"]
[EventType "team-swiss"]
[EventDate "2021.06.23"]

1. d4 {[%clk 1:30:55]} d5 {[%clk 1:30:49]} 2. c4 {[%clk 1:30:26]} e6 {[%clk
1:31:03]} 3. Nc3 {[%clk 1:30:40]} Nf6 {[%clk 1:31:19]} 4. Bg5 {[%clk 1:30:55]}
Be7 {[%clk 1:30:57]} 5. Nf3 {[%clk 1:31:11]} O-O {[%clk 1:29:49]} 6. e3 {[%clk
1:31:31]} h6 {[%clk 1:28:04]} 7. Bh4 {[%clk 1:31:48]} Ne4 {[%clk 1:25:23]} 8.
Bxe7 {[%clk 1:30:50]} Qxe7 {[%clk 1:25:44]} 9. cxd5 {[%clk 1:30:39]} Nxc3
{[%clk 1:23:03]} 10. bxc3 {[%clk 1:30:51]} exd5 {[%clk 1:22:15]} 11. Qb3 {[%clk
1:28:51]} c6 {[%clk 1:08:59]} 12. Bd3 {[%clk 1:28:53]} b6 {[%clk 1:03:08]} 13.
O-O {[%clk 1:26:50]} Bb7 {[%clk 0:58:44]} 14. a4 {[%clk 1:19:15]} Nd7 {[%clk
0:55:15]} 15. a5 {[%clk 1:17:14]} Rfb8 {[%clk 0:38:11]} 16. Rfb1 {[%clk
1:11:15]} g5 {[%clk 0:25:57]} 17. Bf5 {[%clk 1:06:49]} b5 {[%clk 0:19:16]} 18.
Bxd7 {[%clk 1:06:41]} Qxd7 {[%clk 0:19:37]} 19. Ne5 {[%clk 1:06:53]} Qe6 {[%clk
0:18:57]} 20. Qb4 {[%clk 1:04:48]} f6 {[%clk 0:15:42]} 21. Nd3 {[%clk 1:04:57]}
Bc8 {[%clk 0:11:15]} 22. Qc5 {[%clk 1:04:24]} Bd7 {[%clk 0:10:47]} 23. Rf1
{[%clk 1:04:04]} Kf7 24. Rae1 {[%clk 1:04:15]} Rg8 {[%clk 0:07:51]} 25. f3
{[%clk 0:52:44]} Qe7 {[%clk 0:02:25]} 26. Qxe7+ {[%clk 0:45:31]} Kxe7 27. e4
{[%clk 0:45:32]} dxe4 {[%clk 0:01:29]} 28. fxe4 {[%clk 0:45:07]} Rgf8 {[%clk
0:01:34]} 29. Rf2 {[%clk 0:41:14]} Rf7 {[%clk 0:01:24]} 30. e5 {[%clk 0:24:13]}
fxe5 {[%clk 0:01:26]} 31. Rfe2 {[%clk 0:23:28]} Rf6 {[%clk 0:00:36]} 32. Rxe5+
{[%clk 0:22:32]} Kf8 {[%clk 0:00:40]} 33. Nc5 {[%clk 0:22:36]} Rd8 {[%clk
0:00:36]} 34. Nb7 {[%clk 0:14:19]} Rb8 {[%clk 0:00:34]} 35. a6 {[%clk 0:12:56]}
Rc8 {[%clk 0:00:32]} 36. Re7 {[%clk 0:12:58]} Bg4 {[%clk 0:00:32]} 37. h3
{[%clk 0:12:55]} Bh5 {[%clk 0:00:49]} 38. Nc5 {[%clk 0:13:13]} Rf7 {[%clk
0:00:52]} 39. Nd7+ {[%clk 0:10:30]} Kg8 {[%clk 0:00:34]} 40. g4 {[%clk
0:10:51]} Bg6 {[%clk 0:00:58]} 41. Nc5 {[%clk 0:05:48]} Rb8 {[%clk 0:16:06]}
42. R1e6 {[%clk 0:34:38]} Rb6 {[%clk 0:14:38]} 43. Rxf7 {[%clk 0:34:24]} b4
{[%clk 0:05:23]} 44. Rb7 {[%clk 0:21:53]} Rxa6 {[%clk 0:00:58]} 45. Nxa6 {[%clk
0:21:49]} bxc3 {[%clk 0:01:14]} 46. Rb3 {[%clk 0:21:41]} c2 {[%clk 0:01:27]}
47. Rc3 {[%clk 0:22:04]} Be4 {[%clk 0:01:40]} 48. Nb4 {[%clk 0:22:21]} c5 49.
Nxc2 1-0

[Event "DVM U16 2020"]
[Site "Willingen GER"]
[Date "2021.06.26"]
[Round "5"]
[White "Emmerich, Julian"]
[Black "Khanbekyan, Areg"]
[Result "0-1"]
[Termination "normal"]
[Board "5.4"]
[WhiteElo "1369"]
[BlackElo "1576"]
[WhiteClock "00:06:03"]
[BlackClock "00:19:30"]
[WhiteTeam "SF Neuberg"]
[BlackTeam "Greifswalder SV"]
[PlyCount "52"]
[WhiteFideId "16274822"]
[BlackFideId "12993727"]
[EventCountry "GER"]
[EventRounds "7"]
[EventType "team-swiss"]
[EventDate "2021.06.23"]

1. e4 {[%clk 1:30:57]} c5 {[%clk 1:30:37]} 2. Nc3 {[%clk 1:31:23]} Nc6 {[%clk
1:30:38]} 3. Bb5 {[%clk 1:31:47]} g6 {[%clk 1:30:16]} 4. Bxc6 {[%clk 1:32:10]}
bxc6 {[%clk 1:30:01]} 5. d3 {[%clk 1:30:55]} Bg7 {[%clk 1:30:11]} 6. Nf3 {[%clk
1:30:21]} d5 {[%clk 1:29:22]} 7. O-O {[%clk 1:29:54]} Bg4 {[%clk 1:27:46]} 8.
Rb1 {[%clk 1:29:53]} e6 {[%clk 1:27:56]} 9. Na4 {[%clk 1:29:20]} Qa5 {[%clk
1:18:02]} 10. b3 {[%clk 1:29:23]} c4 {[%clk 1:17:54]} 11. h3 {[%clk 1:21:15]}
Bxf3 {[%clk 1:16:02]} 12. Qxf3 {[%clk 1:21:39]} cxd3 {[%clk 1:10:35]} 13. Qxd3
{[%clk 1:14:29]} Nf6 {[%clk 1:10:10]} 14. exd5 {[%clk 0:59:12]} cxd5 {[%clk
1:07:24]} 15. Bd2 {[%clk 0:57:03]} Qc7 {[%clk 1:06:33]} 16. Rbc1 {[%clk
0:55:47]} O-O {[%clk 1:04:56]} 17. c4 {[%clk 0:55:40]} Qe7 {[%clk 1:03:49]} 18.
Be3 {[%clk 0:44:57]} Rfd8 {[%clk 0:58:14]} 19. c5 {[%clk 0:36:10]} Rab8 {[%clk
0:44:10]} 20. c6 {[%clk 0:33:33]} Rdc8 {[%clk 0:36:06]} 21. Qa6 {[%clk
0:24:30]} Ra8 {[%clk 0:25:05]} 22. Qb7 {[%clk 0:21:57]} Qc7 {[%clk 0:22:47]}
23. Bb6 {[%clk 0:15:56]} axb6 {[%clk 0:21:40]} 24. Nxb6 {[%clk 0:16:07]} Rab8
{[%clk 0:21:52]} 25. Nd7 {[%clk 0:06:30]} Rxb7 {[%clk 0:20:47]} 26. cxb7 {[%clk
0:06:03]} Qxb7 {[%clk 0:19:30]} 0-1

[Event "DVM U16 2020"]
[Site "Willingen GER"]
[Date "2021.06.26"]
[Round "5"]
[White "Payes Kanders, Valentin"]
[Black "Yi, Danny"]
[Result "0-1"]
[Termination "normal"]
[Board "6.1"]
[BlackTitle "FM"]
[WhiteElo "1498"]
[BlackElo "2253"]
[WhiteClock "00:55:38"]
[BlackClock "00:57:07"]
[WhiteTeam "Schachfreunde Essen-Katernberg"]
[BlackTeam "SF 59 Kornwestheim"]
[PlyCount "36"]
[WhiteFideId "16261046"]
[BlackFideId "12988588"]
[EventCountry "GER"]
[EventRounds "7"]
[EventType "team-swiss"]
[EventDate "2021.06.23"]

1. e4 {[%clk 1:30:58]} c5 {[%clk 1:30:56]} 2. Nf3 {[%clk 1:31:21]} Nc6 {[%clk
1:31:21]} 3. g3 {[%clk 1:31:16]} g6 {[%clk 1:30:30]} 4. d4 {[%clk 1:30:00]}
cxd4 {[%clk 1:30:35]} 5. Nxd4 {[%clk 1:29:45]} Bg7 {[%clk 1:30:38]} 6. Be3
{[%clk 1:20:51]} Nf6 {[%clk 1:28:20]} 7. Bg2 {[%clk 1:18:29]} O-O {[%clk
1:25:13]} 8. Nc3 {[%clk 1:18:03]} d6 {[%clk 1:20:37]} 9. O-O {[%clk 1:16:53]}
Ng4 {[%clk 1:16:13]} 10. Nxc6 {[%clk 1:13:48]} bxc6 {[%clk 1:15:35]} 11. Bc1
{[%clk 1:11:53]} Rb8 {[%clk 1:13:29]} 12. Na4 {[%clk 1:02:50]} Qa5 {[%clk
1:09:12]} 13. c3 {[%clk 1:03:10]} c5 {[%clk 1:07:50]} 14. h3 {[%clk 1:00:42]}
Ne5 {[%clk 1:06:05]} 15. b3 {[%clk 1:00:12]} Bd7 {[%clk 1:02:01]} 16. f4 {[%clk
0:56:57]} Bxa4 {[%clk 1:00:58]} 17. fxe5 {[%clk 0:56:55]} Qxc3 {[%clk 1:00:49]}
18. Rb1 {[%clk 0:55:38]} Bb5 {[%clk 0:57:07]} 0-1

[Event "DVM U16 2020"]
[Site "Willingen GER"]
[Date "2021.06.26"]
[Round "5"]
[White "Afonso, Nils"]
[Black "Zamhöfer, Luca"]
[Result "1-0"]
[Termination "normal"]
[Board "6.2"]
[WhiteElo "1960"]
[BlackElo "1766"]
[WhiteClock "00:03:05"]
[BlackClock "00:05:42"]
[WhiteTeam "SF 59 Kornwestheim"]
[BlackTeam "Schachfreunde Essen-Katernberg"]
[PlyCount "87"]
[WhiteFideId "12990582"]
[BlackFideId "16216040"]
[EventCountry "GER"]
[EventRounds "7"]
[EventType "team-swiss"]
[EventDate "2021.06.23"]

1. d4 {[%clk 1:30:58]} c5 {[%clk 1:30:37]} 2. d5 {[%clk 1:31:22]} e5 {[%clk
1:30:58]} 3. e4 {[%clk 1:31:42]} d6 {[%clk 1:31:21]} 4. Nc3 {[%clk 1:32:07]}
Nf6 {[%clk 1:31:35]} 5. Bb5+ {[%clk 1:31:05]} Nbd7 {[%clk 1:31:11]} 6. a4
{[%clk 1:31:27]} a6 {[%clk 1:28:21]} 7. Bd3 {[%clk 1:31:04]} b6 {[%clk
1:27:53]} 8. Nf3 {[%clk 1:31:20]} Be7 {[%clk 1:28:04]} 9. O-O {[%clk 1:31:29]}
O-O {[%clk 1:28:19]} 10. Nd2 {[%clk 1:31:36]} Ne8 {[%clk 1:27:50]} 11. Nc4
{[%clk 1:27:34]} Kh8 {[%clk 1:24:11]} 12. f4 {[%clk 1:19:15]} exf4 {[%clk
1:20:27]} 13. Bxf4 {[%clk 1:19:14]} Qc7 {[%clk 1:19:01]} 14. Bg3 {[%clk
0:46:22]} Ne5 {[%clk 1:14:24]} 15. Nxe5 {[%clk 0:44:57]} dxe5 {[%clk 1:14:14]}
16. b3 {[%clk 0:45:00]} g6 {[%clk 1:10:02]} 17. Qe2 {[%clk 0:40:58]} Bf6 {[%clk
1:07:28]} 18. Rae1 {[%clk 0:33:54]} Bg7 {[%clk 1:07:06]} 19. Nd1 {[%clk
0:32:15]} Nd6 {[%clk 0:56:01]} 20. Nf2 {[%clk 0:27:18]} Qd7 {[%clk 0:48:53]}
21. h3 {[%clk 0:24:29]} Qe7 {[%clk 0:36:47]} 22. h4 {[%clk 0:20:02]} h5 {[%clk
0:34:28]} 23. c4 {[%clk 0:17:46]} Bf6 {[%clk 0:28:59]} 24. Qb2 {[%clk 0:15:26]}
Re8 {[%clk 0:26:53]} 25. b4 {[%clk 0:12:40]} Qc7 {[%clk 0:18:21]} 26. Ng4
{[%clk 0:10:40]} Bxg4 {[%clk 0:14:55]} 27. Rxf6 {[%clk 0:11:01]} Qe7 {[%clk
0:14:01]} 28. Ref1 {[%clk 0:09:41]} Rab8 {[%clk 0:13:03]} 29. Bxe5 {[%clk
0:05:34]} Qxe5 {[%clk 0:12:20]} 30. Qxe5 {[%clk 0:05:58]} Rxe5 {[%clk 0:12:42]}
31. Rxd6 {[%clk 0:06:26]} cxb4 {[%clk 0:06:40]} 32. Rxf7 {[%clk 0:05:54]} Bd1
{[%clk 0:06:13]} 33. Rxg6 {[%clk 0:05:02]} Bxa4 {[%clk 0:06:32]} 34. Rff6
{[%clk 0:04:59]} Ree8 {[%clk 0:05:29]} 35. Rxb6 {[%clk 0:04:31]} a5 {[%clk
0:04:36]} 36. Rh6+ {[%clk 0:03:21]} Kg8 {[%clk 0:04:59]} 37. Rbg6+ {[%clk
0:03:43]} Kf7 {[%clk 0:05:11]} 38. Rh7+ {[%clk 0:02:31]} Kf8 {[%clk 0:05:19]}
39. e5 {[%clk 0:02:38]} b3 {[%clk 0:04:44]} 40. e6 {[%clk 0:02:26]} Rb4 {[%clk
0:04:55]} 41. d6 {[%clk 0:02:17]} b2 {[%clk 0:04:59]} 42. e7+ {[%clk 0:02:39]}
Rxe7 {[%clk 0:05:21]} 43. dxe7+ {[%clk 0:03:05]} Ke8 {[%clk 0:05:42]} 44. Rg8+
1-0

[Event "DVM U16 2020"]
[Site "Willingen GER"]
[Date "2021.06.26"]
[Round "5"]
[White "Berresheim, Nils"]
[Black "Kluge, Malte"]
[Result "1-0"]
[Termination "normal"]
[Board "6.3"]
[WhiteElo "1588"]
[BlackElo "1652"]
[WhiteClock "00:11:46"]
[BlackClock "00:04:05"]
[WhiteTeam "Schachfreunde Essen-Katernberg"]
[BlackTeam "SF 59 Kornwestheim"]
[PlyCount "79"]
[WhiteFideId "16246306"]
[BlackFideId "16243838"]
[EventCountry "GER"]
[EventRounds "7"]
[EventType "team-swiss"]
[EventDate "2021.06.23"]

1. d4 {[%clk 1:30:57]} Nf6 {[%clk 1:30:56]} 2. c4 {[%clk 1:31:21]} g6 {[%clk
1:31:12]} 3. Nc3 {[%clk 1:31:42]} d5 {[%clk 1:31:16]} 4. Bg5 {[%clk 1:31:58]}
Ne4 {[%clk 1:30:58]} 5. cxd5 {[%clk 1:31:56]} Nxg5 {[%clk 1:30:41]} 6. h4
{[%clk 1:32:13]} Ne4 {[%clk 1:30:23]} 7. Nxe4 {[%clk 1:32:27]} Qxd5 {[%clk
1:30:28]} 8. Nc3 {[%clk 1:32:24]} Qa5 {[%clk 1:29:41]} 9. e3 {[%clk 1:31:38]}
Bg7 {[%clk 1:27:24]} 10. h5 {[%clk 1:30:17]} c5 {[%clk 1:18:38]} 11. Bb5+
{[%clk 1:29:30]} Bd7 {[%clk 1:13:35]} 12. Bxd7+ {[%clk 1:28:50]} Nxd7 {[%clk
1:13:42]} 13. h6 {[%clk 1:28:14]} Bf6 {[%clk 1:11:52]} 14. Nf3 {[%clk 1:26:55]}
O-O {[%clk 1:03:08]} 15. O-O {[%clk 1:23:51]} cxd4 {[%clk 0:53:43]} 16. exd4
{[%clk 1:21:50]} Qh5 {[%clk 0:46:53]} 17. Qd2 {[%clk 1:19:47]} Nb6 {[%clk
0:41:46]} 18. Rfe1 {[%clk 1:12:27]} Nd5 {[%clk 0:33:44]} 19. Ne4 {[%clk
1:06:58]} Bh8 {[%clk 0:30:17]} 20. Rac1 {[%clk 0:57:35]} b6 {[%clk 0:25:42]}
21. Ne5 {[%clk 0:43:53]} Bxe5 {[%clk 0:17:17]} 22. dxe5 {[%clk 0:42:17]} Rfd8
{[%clk 0:14:38]} 23. Ng3 {[%clk 0:35:23]} Qg4 {[%clk 0:11:51]} 24. e6 {[%clk
0:28:53]} f5 {[%clk 0:07:35]} 25. Qc2 {[%clk 0:26:00]} f4 {[%clk 0:04:09]} 26.
Nf1 {[%clk 0:20:19]} f3 {[%clk 0:03:34]} 27. Ng3 {[%clk 0:19:44]} fxg2 {[%clk
0:03:29]} 28. Re4 {[%clk 0:14:54]} Qf3 {[%clk 0:03:15]} 29. Qc4 {[%clk
0:12:12]} Rf8 {[%clk 0:02:10]} 30. Qd4 {[%clk 0:11:27]} Nf6 {[%clk 0:02:10]}
31. Rc3 {[%clk 0:11:04]} Rad8 {[%clk 0:02:00]} 32. Rxf3 {[%clk 0:10:00]} Rxd4
{[%clk 0:02:20]} 33. Rxd4 {[%clk 0:10:16]} b5 {[%clk 0:02:09]} 34. Kxg2 {[%clk
0:10:24]} a6 {[%clk 0:02:34]} 35. Ne4 {[%clk 0:10:19]} Ne8 {[%clk 0:02:42]} 36.
Rxf8+ {[%clk 0:10:31]} Kxf8 {[%clk 0:03:09]} 37. Rd8 {[%clk 0:10:45]} b4 {[%clk
0:03:25]} 38. Nc5 {[%clk 0:11:04]} b3 {[%clk 0:03:39]} 39. Nd7+ {[%clk
0:11:23]} Kg8 {[%clk 0:04:05]} 40. Rxe8# {[%clk 0:11:46]} 1-0